00486 2200193 4500001002100000005001500021035002000036008004100056245006600097100002000163250000600183260003100189300001200220084001400232082000800246650001400254990001200268990001200280INLIS00000000000008020240502103335 a0010-0424000056240502 0 ind 1 aBuku Guru Bahasa Indonesia XII Edisi Revisi /cMaman Suryaman aSuryaman, Maman a1 aJakarta :bGramedia,c2018 a256 hlm a410 MAM b a410 4aNon Fiksi a0736182 a0736183